NBA Leading Scorer Every Year by Letter - A - Statistics

General Stats
  • This quiz has been taken 87 times
  • The average score is 47 of 74
Answer Stats
Year PPG Team Player % Correct
2017 22.9 Milwaukee Bucks Giannis Antetokounmpo
100%
2018 26.9 Milwaukee Bucks Giannis Antetokounmpo
100%
2019 27.7 Milwaukee Bucks Giannis Antetokounmpo
100%
2020 29.5 Milwaukee Bucks Giannis Antetokounmpo
100%
2021 28.1 Milwaukee Bucks Giannis Antetokounmpo
100%
2022 29.9 Milwaukee Bucks Giannis Antetokounmpo
100%
2023 31.1 Milwaukee Bucks Giannis Antetokounmpo
100%
2024 30.4 Milwaukee Bucks Giannis Antetokounmpo
100%
2025 30.4 Milwaukee Bucks Giannis Antetokounmpo
100%
2007 28.9 Denver Nuggets Carmelo Anthony
97%
2008 25.7 Denver Nuggets Carmelo Anthony
97%
2009 22.8 Denver Nuggets Carmelo Anthony
97%
2010 28.2 Denver Nuggets Carmelo Anthony
97%
2011 25.6 Denver Nuggets Carmelo Anthony
97%
2012 22.6 New York Knicks Carmelo Anthony
97%
2013 28.7 New York Knicks Carmelo Anthony
97%
2014 27.4 New York Knicks Carmelo Anthony
97%
2016 21.8 New York Knicks Carmelo Anthony
97%
1970 28.8 Milwaukee Bucks Kareem Abdul-Jabbar
87%
1971 31.7 Milwaukee Bucks Kareem Abdul-Jabbar
87%
1972 34.8 Milwaukee Bucks Kareem Abdul-Jabbar
87%
1974 27.0 Milwaukee Bucks Kareem Abdul-Jabbar
87%
1975 30.0 Milwaukee Bucks Kareem Abdul-Jabbar
87%
1976 27.7 Los Angeles Lakers Kareem Abdul-Jabbar
87%
1977 26.2 Los Angeles Lakers Kareem Abdul-Jabbar
87%
1978 25.8 Los Angeles Lakers Kareem Abdul-Jabbar
87%
1979 23.8 Los Angeles Lakers Kareem Abdul-Jabbar
87%
1980 24.8 Los Angeles Lakers Kareem Abdul-Jabbar
87%
1981 26.2 Los Angeles Lakers Kareem Abdul-Jabbar
87%
1982 23.9 Los Angeles Lakers Kareem Abdul-Jabbar
87%
1986 23.4 Los Angeles Lakers Kareem Abdul-Jabbar
87%
2000 22.1 Milwaukee Bucks Ray Allen
83%
2001 22.0 Milwaukee Bucks Ray Allen
83%
2002 21.8 Milwaukee Bucks Ray Allen
83%
2003 22.5 Milwaukee Bucks Ray Allen
83%
2004 23.0 Seattle Supersonics Ray Allen
83%
2015 23.4 Portland Trail Blazers LaMarcus Aldridge
81%
2005 25.5 Washington Wizards Gilbert Arenas
73%
2006 29.3 Washington Wizards Gilbert Arenas
73%
1994 18.8 New Jersey Nets Kenny Anderson
57%
1995 17.6 New Jersey Nets Kenny Anderson
57%
1992 19.9 Orlando Magic Nick Anderson
57%
1993 19.9 Orlando Magic Nick Anderson
57%
1973 34.0 Kansas City-Omaha Kings Tiny Archibald
52%
1983 24.4 Dallas Mavericks Mark Aguirre
44%
1984 29.5 Dallas Mavericks Mark Aguirre
44%
1985 25.7 Dallas Mavericks Mark Aguirre
44%
1987 25.7 Dallas Mavericks Mark Aguirre
44%
1988 25.1 Dallas Mavericks Mark Aguirre
44%
1989 18.9 Dallas Mavericks Mark Aguirre
44%
1997 18.7 Vancouver Grizzlies Shareef Abdur-Rahim
40%
1998 22.3 Vancouver Grizzlies Shareef Abdur-Rahim
40%
1999 23.0 Vancouver Grizzlies Shareef Abdur-Rahim
40%
1951 17.2 Philadelphia Warriors Paul Arizin
37%
1952 25.4 Philadelphia Warriors Paul Arizin
37%
1955 21.0 Philadelphia Warriors Paul Arizin
37%
1956 24.2 Philadelphia Warriors Paul Arizin
37%
1957 25.6 Philadelphia Warriors Paul Arizin
37%
1958 20.7 Philadelphia Warriors Paul Arizin
37%
1959 26.4 Philadelphia Warriors Paul Arizin
37%
1960 22.3 Philadelphia Warriors Paul Arizin
37%
1961 23.2 Philadelphia Warriors Paul Arizin
37%
1962 21.9 Philadelphia Warriors Paul Arizin
37%
1991 26.5 Denver Nuggets Michael Adams
27%
1996 19.2 Denver Nuggets Mahmoud Abdul-Rauf
17%
1963 10.4 San Francisco Warriors Al Attles
10%
1964 10.9 San Francisco Warriors Al Attles
10%
1965 9.3 San Francisco Warriors Al Attles
10%
1966 11.2 San Francisco Warriors Al Attles
10%
1967 7.4 San Francisco Warriors Al Attles
10%
1968 9.8 San Francisco Warriors Al Attles
10%
1950 7.3 Fort Wayne Pistons Curly Armstrong
6%
1990 17.9 Sacramento Kings Danny Ainge
6%
1969 6.3 San Diego Rockets Rick Adelman
6%
No matching quizzes found
Score Distribution
Percent of People with Each Score
Percentile by Number Answered
Your Score History
You have not taken this quiz